Answers Contain "Thousand" or "1000" - Statistics

General Stats
  • This quiz has been taken 126 times
    24 since last reset
  • The average score is 7 of 16
Answer Stats
Hint Answer % Correct
What a picture is worth A thousand words
91%
Salad dressing with mayonnaise base Thousand Island
83%
1870 Jules Verne novel with Captain Nemo and the Nautilus Twenty Thousand Leagues Under the Seas
78%
Blank gaze of combatants emotionally detached from trauma thousand-yard stare
57%
1991: Robert Patrick's character in Terminator 2: Judgment Day T-1000
52%
Collection of Middle Eastern folk tales narrated by Scheherazade One Thousand and One Nights
48%
1949 work of comparative mythology by Joseph Campbell The Hero with a Thousand {Faces}
43%
2002 debut single of Vanessa Carlton A Thousand Miles
39%
2019 Taylor Swift song (or archaic Chinese method of torture/execution) Death by a Thousand Cuts
39%
2008–2012: Spike/Comedy Central series about unusual deaths 1000 Ways to Die
35%
Category that includes only 14 mountains {Eight}-thousander
35%
2000 directorial debut of Rob Zombie House of 1000 {Corpses}
30%
2011 single by Christina Perri A Thousand Years
26%
2007: Khaled Hosseini's follow-up to The Kite Runner A Thousand Splendid {Suns}
22%
2004 Paper Mario game The Thousand-Year {Door}
22%
2017 space opera film by Luc Besson {Valerian} and the City of a Thousand Planets
22%
No matching quizzes found
Score Distribution
Percent of People with Each Score
Percentile by Number Answered
Your Score History
You have not taken this quiz since the last reset